| 000 | 01158nam a2200265 a 4500 | ||
|---|---|---|---|
| 001 | 000041778 | ||
| 005 | 20201002035741.0 | ||
| 008 | 131028s2003 sp 000 0 spa d | ||
| 020 | _a8484831892 | ||
| 040 |
_aDO-SdBNP _bspa _cBNPHU |
||
| 100 | 1 |
_aGómez de Ciudad Real, Álvaro _968634 |
|
| 245 | 1 | 4 |
_aLa Orden de Caballeros del Príncipe de Borgoña / _cÁlvaro Gómez de Ciudad Real ; introducción, edición crítica, traducción anotada e índices a cargo de Jesús Romero Valiente ; prólogo de César Chaparro Góme. |
| 260 |
_aMadrid : _bInstituto de Estudios Humanísticos _bCSIC, _c2003. |
||
| 300 |
_av. ; _c25 cm. |
||
| 490 | 1 |
_aTextos y estudios humanísticos _aTextos |
|
| 500 | _aLa biblioteca posee el v. 2 | ||
| 504 | _aIncluye referencias bibliográficas y notas al pie de las páginas | ||
| 500 | _aIncluye datos biográficos del autor en la solapa de la cubierta | ||
| 500 | _aIncluye índice | ||
| 700 | 1 |
_aRomero Valiente, Jesús _968635 |
|
| 700 | 1 | _eed. | |
| 700 | 1 |
_aChaparro Gómez, César _epról. _968636 |
|
| 710 | 2 |
_aInstituto de Estudios Humanísticos _951235 |
|
| 830 | 0 |
_aTextos y estudios humanísticos _vTextos _943471 |
|
| 999 |
_c41267 _d41267 |
||